Online
Catalog

Manual del ayuntamiento : (Record no. 30397)

MARC details
000 -CABECERA
campo de control de longitud fija 01064nam a2200193 a 4500
001 - NÚMERO DE CONTROL
campo de control 000030905
005 - FECHA Y HORA DE LA ÚLTIMA TRANSACCIÓN
campo de control 20200930062600.0
008 - DATOS DE LONGITUD FIJA--INFORMACIÓN GENERAL
campo de control de longitud fija 110429s20uu dr 000 0 spa d
040 ## - FUENTE DE LA CATALOGACIÓN
Centro catalogador/agencia de origen DO-SdBNP
Lengua de catalogación spa
Centro/agencia transcriptor BNPHU
049 ## - FONDOS LOCALES (OCLC)
Fondos de biblioteca BNPD
110 2# - ENTRADA PRINCIPAL--NOMBRE DE ENTIDAD CORPORATIVA
Nombre de entidad corporativa o nombre de jurisdicción como elemento de entrada Reública Dominicana
Unidad subordinada Comisión Presidencial para la reforma y Modernización del Estado
9 (RLIN) 56789
245 10 - MENCIÓN DE TÍTULO
Título Manual del ayuntamiento :
Resto del título finanzas municipales.
260 ## - PUBLICACIÓN, DISTRIBUCIÓN, ETC.
Lugar de publicación, distribución, etc. Santo Domingo :
Nombre del editor, distribuidor, etc. Liga Municipal,
Fecha de publicación, distribución, etc. [200?].
300 ## - DESCRIPCIÓN FÍSICA
Extensión 38 p. : ;
Dimensiones 21 cm.
490 1# - MENCIÓN DE SERIE
Mención de serie Cuadernos municipales
Designación de volumen o secuencia 6
500 ## - NOTA GENERAL
Nota general Incluye notas al pie de las páginas
505 0# - NOTA DE CONTENIDO CON FORMATO
Título Administración y conservación de los bienes municipales --
-- Venta de bienes de los ayuntamientos --
-- Arrendamientos y ventas de terrenos y de solares del municipio --
-- Fondo inmobiliarios--
-- Administración y subasta de establecimientos y servicios públicos --
-- Adquisiciones de grado por vía de expropiación forzosa --
-- Compras de bienes mobiliares--
-- Explotación de las salinas y venta y distribución de la sal
830 #0 - PUNTO DE ACCESO ADICIONAL DE SERIE-TÍTULO UNIFORME
Título uniforme Cuadernos municipales
Designación de volumen o secuencia 6
9 (RLIN) 56790
Holdings
Estado de retiro Estado de pérdida No para préstamo Código de colección Localización permanente Ubicación/localización actual Ubicación en estantería Fecha de adquisición Número de inventario Total de préstamos Signatura topográfica completa Código de barras Fecha visto por última vez Precio válido a partir de Tipo de ítem Koha Número de copia
      Patrimonio Dominicano General General Orden iniciada 03.12.2013 LF1   30905-30 25.06.2020 25.06.2020 Libro y Folleto Colección Patrimonio Dominicano  
    Excluido de préstamo Patrimonio Dominicano Patrimonio Dominicano Patrimonio Dominicano En catalogación 06.06.2011 LF1   30905-10 25.06.2020 25.06.2020 Libro y Folleto Colección Patrimonio Dominicano  
    Excluido de préstamo Patrimonio Dominicano Patrimonio Dominicano Patrimonio Dominicano En catalogación 06.06.2011 LF1   30905-20 25.06.2020 25.06.2020 Libro y Folleto Colección Patrimonio Dominicano e. 2

Powered by Koha